| 000 -LEADER |
| fixed length control field |
01102nam a22002417a 4500 |
| 003 - CONTROL NUMBER IDENTIFIER |
| control field |
OSt |
| 005 - DATE AND TIME OF LATEST TRANSACTION |
| control field |
20260506122442.0 |
| 008 - FIXED-LENGTH DATA ELEMENTS--GENERAL INFORMATION |
| fixed length control field |
260506b ||||| |||| 00| 0 eng d |
| 020 ## - INTERNATIONAL STANDARD BOOK NUMBER |
| International Standard Book Number |
9789928088642 |
| 040 ## - CATALOGING SOURCE |
| Original cataloging agency |
BSHUA |
| Language of cataloging |
Shqip |
| 050 ## - LIBRARY OF CONGRESS CALL NUMBER |
| Item number |
782.01/Kil. |
| 082 ## - DEWEY DECIMAL CLASSIFICATION NUMBER |
| Item number |
782.01/Kil. |
| 100 ## - MAIN ENTRY--PERSONAL NAME |
| Personal name |
Kilica, (Sina) Holta |
| 245 ## - TITLE STATEMENT |
| Title |
Opera : koncept dhe strukture : perspektive e zgjeruar muzikologjike |
| 260 ## - PUBLICATION, DISTRIBUTION, ETC. (IMPRINT) |
| Place of publication, distribution, etc |
Tirane: |
| Name of publisher, distributor, etc |
Mediaprint, |
| Date of publication, distribution, etc |
2025. |
| 300 ## - PHYSICAL DESCRIPTION |
| Extent |
290 f.; |
| Dimensions |
21 cm. |
| 500 ## - GENERAL NOTE |
| General note |
Redaktore shkencore : Prof. dr. Fatmir Hysi, Prof. Ervis Gega, Irisha Gaqi<br/>Redaktore : Eralda Bejleri<br/>Kopertina : Elsi Kongo<br/>Design & Layout : Elvira Ciraku |
| 501 ## - WITH NOTE |
| With note |
Ky botim u realizua fale mbeshtetjes financiare te Fondacionit per Kulturen dhe Artet "Fan Noli", Tirane |
| 653 ## - INDEX TERM--UNCONTROLLED |
| Uncontrolled term |
Muzika - Opera - Koncepti - Struktura - Aspekte te gjenezes se operes - Zhvillimi historik dhe estetik i operes - Koncepti dramaturgjik operistik - |
| -- |
Elementet perberes te gjuhes muzikore - Strukturimi i operes - |
| -- |
Kantata - Oratorio - Opera - Musicali |
| 856 ## - ELECTRONIC LOCATION AND ACCESS |
| Link text |
Fulltext |
| 942 ## - ADDED ENTRY ELEMENTS (KOHA) |
| Source of classification or shelving scheme |
|
| Koha item type |
Books |
| 953 ## - Fulltext |
| Is Fulltext Available |
Unavailable |